000 00638cam a22002293a 4500
001 10237
003 PGUSA
005 20140828083221.0
008 031101s2003||||xxu|||||s|||||000 | eng d
040 _aPGUSA
_beng
042 _adc
050 4 _aM
245 1 0 _aSiegel-Myers School of Music - Vocal Record F
_h[electronic resource]
260 _bProject Gutenberg,
_c2003
500 _aRecorded c. 1906.
506 _aPublic domain in the USA.
516 _aElectronic text
653 _aSound -- Recording and reproducing
830 0 _aProject Gutenberg
_v10237
856 4 0 _uhttp://www.gutenberg.org/ebooks/10237
942 _cEB
999 _c239492
_d239492